LEADER 02008nam 2200361 n 450 001 996390748103316 005 20200824120617.0 035 $a(CKB)4940000000099897 035 $a(EEBO)2240893031 035 $a(UnM)99830760e 035 $a(UnM)99830760 035 $a(EXLCZ)994940000000099897 100 $a19950907d1674 uy | 101 0 $aeng 135 $aurbn||||a|bb| 200 10$aStrange and true news from Lincoln-shire, Huntinton-shire, Bedford-shire, Northampton-shire, Suffolk, and Norfolk$b[electronic resource] $ewith Wiltshire, and Sommerset shire, and many other places. Being a true relation of the great and many floods and inundations that happened in England, in December, and January, and March 1674. The smothering of people in snow; the drowning of many cattel, the beating down of bridges and houses, the washing up of corn by the roots, and drowning of many people. To the great loss and grief of many hundreds in this nation. Also an account of many great waters, that happened in the reigns of Henry the 3d. Edward the 2d. Henry the 4th. Henry the 6th. Richard the 3d. Henry the 7th. Henry the 8th. Queen Mary, and the unmerciful vvaters that fell in King Jame's reign: as the book within doth more largely make mention 210 $aLondon $cprinted for John Clark, at the Bible and Harp, in West-Smith-field$d1674 215 $a8 p 300 $aSigned at end: L.W. 300 $aCaption title on p. 3: Strange & true news from the country, &c. 300 $aReproduction of the original in the British Library. 330 $aeebo-0018 606 $aNatural disasters$zGreat Britain$vEarly works to 1800 615 0$aNatural disasters 700 $aL. W$01001507 801 0$bCu-RivES 801 1$bCu-RivES 801 2$bCStRLIN 801 2$bWaOLN 906 $aBOOK 912 $a996390748103316 996 $aStrange and true news from Lincoln-shire, Huntinton-shire, Bedford-shire, Northampton-shire, Suffolk, and Norfolk$92349777 997 $aUNISA LEADER 04372oas 2201765 a 450 001 9910143806903321 005 20251106213014.0 011 $a1654-7209 024 8 $apq68214 035 $a(DE-599)ZDB2040524-8 035 $a(DE-599)2040524-8 035 $a(OCoLC)46381482 035 $a(CONSER) 2005238623 035 $a(CKB)954925454934 035 $a(EXLCZ)99954925454934 100 $a20010306a19729999 uy a 101 0 $aeng 135 $aurcnu|||||||| 181 $ctxt$2rdacontent 182 $cc$2rdamedia 183 $acr$2rdacarrier 200 10$aAmbio $ea journal of the human environment 210 $aStockholm $cRoyal Swedish Academy of Sciences$d©1972- 210 3 $a[Netherlands] $cSpringer Netherlands 300 $aRefereed/Peer-reviewed 300 $aTitle from cover (JSTOR, viewed Sept. 15, 2008). 311 08$a0044-7447 606 $aHuman ecology$vPeriodicals 606 $aSocial ecology$vPeriodicals 606 $aEcology$vPeriodicals 606 $aPollution$vPeriodicals 606 $aAir$xPollution 606 $aEnvironmental health 606 $aAir Pollution 606 $aEnvironment 606 $aEnvironmental Health 606 $aWater Pollution 606 $aEnvironnement$vPe?riodiques 606 $aPollution$vPe?riodiques 606 $aE?cologie humaine$vPe?riodiques 606 $aE?cologie sociale$vPe?riodiques 606 $aAir$xPollution 606 $aHygie?ne du milieu 606 $aair pollution$2aat 606 $aPollution$2fast$3(OCoLC)fst01070069 606 $aEnvironmental health$2fast$3(OCoLC)fst00912999 606 $aEcology$2fast$3(OCoLC)fst00901476 606 $aAir$xPollution$2fast$3(OCoLC)fst00802083 606 $aHuman ecology$2fast$3(OCoLC)fst00962941 606 $aSocial ecology$2fast$3(OCoLC)fst01122434 606 $aUmweltschutz$2gnd 606 $aZeitschrift$2gnd 606 $aMilieubeleid$2gtt 606 $aEcologia$2thub 606 $aMedi ambient$2thub 608 $aPeriodicals.$2fast 608 $aRevistes electròniques.$2thub 615 0$aHuman ecology 615 0$aSocial ecology 615 0$aEcology 615 0$aPollution 615 0$aAir$xPollution. 615 0$aEnvironmental health. 615 2$aAir Pollution. 615 2$aEnvironment. 615 2$aEnvironmental Health. 615 2$aWater Pollution. 615 6$aEnvironnement 615 6$aPollution 615 6$aE?cologie humaine 615 6$aE?cologie sociale 615 6$aAir$xPollution. 615 6$aHygie?ne du milieu. 615 7$aair pollution. 615 7$aPollution. 615 7$aEnvironmental health. 615 7$aEcology. 615 7$aAir$xPollution. 615 7$aHuman ecology. 615 7$aSocial ecology. 615 7$aUmweltschutz 615 7$aZeitschrift. 615 17$aMilieubeleid. 615 7$aEcologia. 615 7$aMedi ambient. 712 02$aKungl. Svenska vetenskapsakademien 801 0$bBIK 801 1$bBIK 801 2$bOCLCQ 801 2$bWCM 801 2$bOCLCQ 801 2$bMUQ 801 2$bIUL 801 2$bOCLCQ 801 2$bEYM 801 2$bHUL 801 2$bGUA 801 2$bOCLCQ 801 2$bGBVCP 801 2$bBUF 801 2$bUKMGB 801 2$bOCLCO 801 2$bOCLCQ 801 2$bOCLCF 801 2$bUKBOL 801 2$bOCLCQ 801 2$bDEBBG 801 2$bGWDNB 801 2$bOCLCO 801 2$bOCLCQ 801 2$bOCLCO 801 2$bOCLCQ 801 2$bU3W 801 2$bOCLCO 801 2$bGILDS 801 2$bNTG 801 2$bOCLCO 801 2$bWYU 801 2$bOCLCO 801 2$bOCLCA 801 2$bDLC 801 2$bCUI 801 2$bOCLCO 801 2$bSFB 801 2$bOCLCQ 801 2$bOCL 801 2$bIOY 801 2$bERD 801 2$bVT2 801 2$bV5E 801 2$bSPIES 801 2$bOCLCL 801 2$bUKUAL 801 2$bCNTRU 801 2$bCUD 801 2$bTXJ 801 2$bUAB 801 2$bMOR 801 2$bRCE 801 2$bAPUMS 801 2$bAU@ 801 2$bS2H 801 2$bOCLKB 801 2$bOCLCQ 801 2$bOCLCL 801 2$bOCLCQ 906 $aJOURNAL 912 $a9910143806903321 996 $aAmbio$9801904 997 $aUNINA